[Event "7th European Individual Senior Champion."]
[Site "Hockenheim, Germany"]
[Date "2007.06.06"]
[Round "5.43"]
[White "Bayer, Wolfgang Dr"]
[Black "Bondick, Karl-Heinz"]
[Result "1/2-1/2"]
[WhiteElo "2045"]
[BlackElo "2158"]
[PlyCount "104"]
[EventDate "2007.??.??"]

1. c4 e5 2. Nc3 Nf6 3. g3 d5 4. cxd5 Nxd5 5. Bg2 Ne7 6. Nf3 Nbc6 7. O-O Nf5 8.
a3 a5 9. d3 Be7 10. Nd2 O-O 11. Nc4 Be6 12. Qa4 Bxc4 13. Bxc6 Ba6 14. Bg2 c6
15. Qe4 Nd4 16. Qxe5 Bf6 17. Qh5 g6 18. Qh3 Re8 19. Be4 b5 20. e3 Nb3 21. Ra2
Rc8 22. Qg2 Qd6 23. Re1 Qe6 24. d4 c5 25. Bd5 cxd4 26. Bxe6 Rxe6 27. Qd5 Nxc1
28. Rxc1 dxc3 29. bxc3 Rxc3 30. Rxc3 Bxc3 31. Qd8+ Kg7 32. Qc7 b4 33. axb4 axb4
34. Qc5 h5 35. Rc2 Be1 36. Rc1 Bc3 37. Rxc3 bxc3 38. Qxc3+ Kf8 39. f3 Ke7 40.
e4 Kd7 41. Qb3 Ke7 42. Kf2 Bc8 43. Qb4+ Ke8 44. Qb8 Rc6 45. h4 Ke7 46. Ke3 Bd7
47. Kf4 Rf6+ 48. Ke3 Rc6 49. Qe5+ Re6 50. Qc5+ Kf6 51. g4 hxg4 52. Qg5+ Kg7
1/2-1/2

[Event "7th European Individual Senior Champion."]
[Site "Hockenheim, Germany"]
[Date "2007.06.06"]
[Round "5.44"]
[White "Sorokina, Tamara"]
[Black "Thieme, Hans"]
[Result "1/2-1/2"]
[WhiteElo "2145"]
[BlackElo "2055"]
[PlyCount "166"]
[EventDate "2007.??.??"]

1. c4 Nf6 2. Nc3 c5 3. Nf3 e6 4. g3 b6 5. Bg2 Bb7 6. O-O a6 7. a3 Be7 8. Rb1
O-O 9. b4 cxb4 10. axb4 Qc7 11. d3 d5 12. Bf4 Bd6 13. Bxd6 Qxd6 14. cxd5 Nxd5
15. Nxd5 Bxd5 16. e4 Bc6 17. Qb3 Rd8 18. Rfd1 Nd7 19. Qc2 Rac8 20. d4 Qb8 21.
Qd3 Qa8 22. Re1 Rc7 23. Qe3 Rdc8 24. Rbc1 Bb7 25. Rxc7 Rxc7 26. Qf4 Qc8 27. h4
Rc4 28. Qd6 Rc6 29. Qf4 Rc4 30. h5 h6 31. g4 Qc7 32. e5 f6 33. Qe3 Rc3 34. Qe2
fxe5 35. Nxe5 Bxg2 36. Nxd7 Qxd7 37. Kxg2 Qd5+ 38. f3 Kf7 39. Rd1 Qc4 40. Qe4
Rc2+ 41. Kg3 Qc7+ 42. Qe5 Rc4 43. Qxc7+ Rxc7 44. d5 exd5 45. Rxd5 Rc4 46. Rd7+
Kg8 47. Ra7 Rxb4 48. Rxa6 Kf7 49. Ra7+ Kg8 50. Rb7 b5 51. f4 Rb3+ 52. Kf2 b4
53. Kg2 Rb2+ 54. Kf3 b3 55. Ke4 Rb1 56. Kf5 Kh7 57. Rb8 Rb2 58. Rb7 Rb1 59. Ke6
Rg1 60. f5 Re1+ 61. Kd5 Rd1+ 62. Ke4 Kg8 63. Rxb3 Rd7 64. Rb6 Kf7 65. Ke5 Ra7
66. Rd6 Re7+ 67. Re6 Ra7 68. Kf4 Ra4+ 69. Re4 Ra7 70. Re6 Ra4+ 71. Kg3 Ra3+ 72.
Kh4 Ra1 73. Rg6 Ra4 74. Re6 Ra1 75. Rg6 Ra4 76. Re6 Ra1 77. Rb6 Rh1+ 78. Kg3
Rg1+ 79. Kf3 Re1 80. Rd6 Rf1+ 81. Ke3 Re1+ 82. Kf2 Ra1 83. Ke3 Re1+ 1/2-1/2

[Event "7th European Individual Senior Champion."]
[Site "Hockenheim, Germany"]
[Date "2007.06.06"]
[Round "5.45"]
[White "Fahnenschmidt, Gerhard Dr"]
[Black "Mertens, Gottfried"]
[Result "1-0"]
[WhiteElo "2134"]
[BlackElo "2035"]
[PlyCount "38"]
[EventDate "2007.??.??"]

1. d4 f5 2. c4 Nf6 3. Nc3 e6 4. Nf3 d5 5. e3 Be7 6. Bd3 O-O 7. h3 c6 8. g4 Ne4
9. cxd5 Bh4 10. Nxh4 Qxh4 11. Qf3 Bd7 12. dxc6 Nxc6 13. Rg1 Rae8 14. Qg2 g6 15.
Bd2 Nxd2 16. Kxd2 Ne7 17. Bc4 Kg7 18. Raf1 Bc6 19. Qh2 f4 {
rest der partie unleserlich} 1-0

[Event "7th European Individual Senior Champion."]
[Site "Hockenheim, Germany"]
[Date "2007.06.06"]
[Round "5.47"]
[White "Ellinger, Hans Dr"]
[Black "Giacomelli, Bernd"]
[Result "1/2-1/2"]
[WhiteElo "2115"]
[BlackElo "1957"]
[PlyCount "73"]
[EventDate "2007.??.??"]

1. d4 Nf6 2. Nf3 d5 3. Bg5 c6 4. c3 Bf5 5. Nbd2 Nbd7 6. e3 e6 7. Be2 Be7 8. O-O
h6 9. Bxf6 gxf6 10. Nh4 Bh7 11. f4 Qb6 12. Qb3 O-O-O 13. c4 c5 14. cxd5 cxd4
15. dxe6 fxe6 16. Qxb6 Nxb6 17. exd4 Rxd4 18. Nb3 Rb4 19. g3 Rd8 20. Rac1+ Kb8
21. Rfd1 Rxd1+ 22. Bxd1 Be4 23. Bf3 Na4 24. Bxe4 Rxe4 25. Ng6 Bd6 26. Rd1 Kc7
27. Rd2 b6 28. Kf1 a5 29. Rc2+ Kb7 30. Nh4 Bxf4 31. Nf3 Bd6 32. Nbd2 Rg4 33. b3
Nc5 34. Nc4 Bc7 35. Rd2 Rg8 36. Rc2 Rd8 37. Nxa5+ 1/2-1/2

[Event "7th European Individual Senior Champion."]
[Site "Hockenheim, Germany"]
[Date "2007.06.06"]
[Round "5.48"]
[White "Haug, Kjell"]
[Black "Mueller, Waldemar"]
[Result "0-1"]
[WhiteElo "1967"]
[BlackElo "2115"]
[PlyCount "56"]
[EventDate "2007.??.??"]

1. e4 c5 2. Nf3 Nc6 3. d4 cxd4 4. Nxd4 Nf6 5. Nc3 e5 6. Nb3 Bb4 7. Bd3 d5 8.
exd5 Nxd5 9. Bd2 Nxc3 10. bxc3 Bd6 11. O-O O-O 12. Re1 Be6 13. Be3 Qe7 14. Be4
Rfd8 15. Qe2 f5 16. Bxc6 bxc6 17. f3 a5 18. Bf2 Qc7 19. h3 Re8 20. Rad1 e4 21.
Nc1 Bf7 22. Qd2 Rad8 23. Qg5 Bg6 24. Qe3 Rd7 25. Rd2 f4 26. Qa7 Qxa7 27. Bxa7
Bc5+ 28. Bxc5 Rxd2 0-1

[Event "7th European Individual Senior Champion."]
[Site "Hockenheim, Germany"]
[Date "2007.06.06"]
[Round "5.49"]
[White "Khazankin, Moisei"]
[Black "Bofinger, Juergen"]
[Result "1-0"]
[WhiteElo "2112"]
[BlackElo "1948"]
[PlyCount "73"]
[EventDate "2007.??.??"]

1. e4 d6 2. d4 Nd7 3. Bc4 e6 4. Nf3 Be7 5. O-O Nb6 6. Bb3 Nf6 7. Qd3 c5 8. c4
e5 9. d5 O-O 10. Nc3 Nh5 11. g3 f5 12. Bd1 Qe8 13. Ne1 Qg6 14. Bxh5 Qxh5 15. f3
f4 16. g4 Qh3 17. Nd1 Bh4 18. Nf2 Bxf2+ 19. Rxf2 Rf6 20. b3 Rg6 21. Qf1 Qxf1+
22. Kxf1 h5 23. h3 hxg4 24. hxg4 Rh6 25. Ke2 Kf7 26. Nd3 a5 27. a4 Bd7 28. Bd2
Nc8 29. g5 Rh5 30. Rg1 Kg6 31. Bxf4 Ne7 32. Bxe5 Bxa4 33. Bxd6 Kf7 34. bxa4 Re8
35. Bxc5 Rc8 36. Bxe7 Kxe7 37. c5 1-0

[Event "7th European Individual Senior Champion."]
[Site "Hockenheim, Germany"]
[Date "2007.06.06"]
[Round "5.50"]
[White "Kalkmann, Hans"]
[Black "Niebling, Ferdinand"]
[Result "0-1"]
[WhiteElo "2004"]
[BlackElo "2226"]
[PlyCount "84"]
[EventDate "2007.??.??"]

1. Nf3 f5 2. d4 Nf6 3. g3 d6 4. Bg2 g6 5. O-O Bg7 6. Bg5 Nbd7 7. Bxf6 Nxf6 8.
c3 O-O 9. Nbd2 c6 10. e3 Qe8 11. Rc1 h6 12. Re1 Qf7 13. c4 g5 14. Qc2 Bd7 15.
h4 Qh5 16. hxg5 hxg5 17. Nh2 e5 18. Qd1 Qf7 19. dxe5 dxe5 20. Ndf3 Ne4 21. Nd2
Nc5 22. Nb3 Ne6 23. Qe2 Rae8 24. Bf3 g4 25. Bg2 e4 26. Red1 Ng5 27. Qd2 Bc8 28.
Rc2 Re6 29. Qb4 Rfe8 30. Nd4 Rh6 31. c5 Qh5 32. Qc4+ Kh8 33. Nxg4 fxg4 34. Ne2
Nf3+ 35. Kf1 Qe5 36. Nf4 Be6 37. Nxe6 Qxe6 38. Qb4 Qf7 39. Ke2 Rh2 40. Rh1 Rxh1
41. Bxh1 Qd5 42. Qc4 Qd3+ 0-1

[Event "7th European Individual Senior Champion."]
[Site "Hockenheim, Germany"]
[Date "2007.06.06"]
[Round "5.51"]
[White "Schwertel, Johann"]
[Black "Schmoll, Heinz"]
[Result "0-1"]
[WhiteElo "1993"]
[BlackElo "2133"]
[PlyCount "76"]
[EventDate "2007.??.??"]

1. d4 Nf6 2. Nf3 g6 3. c3 Bg7 4. Bf4 O-O 5. e3 b6 6. Be2 Ba6 7. O-O Bxe2 8.
Qxe2 a5 9. Nbd2 Na6 10. Rfe1 c5 11. Nf1 d6 12. Rad1 Qd7 13. d5 b5 14. e4 Nh5
15. Bc1 c4 16. Ng3 Nxg3 17. hxg3 Nc5 18. Rf1 Qg4 19. Rfe1 Nd3 20. Nh2 Qd7 21.
Rf1 b4 22. Qc2 bxc3 23. bxc3 Rab8 24. Ba3 f5 25. e5 Bxe5 26. Nf3 Bf6 27. Nd4
Bxd4 28. cxd4 Qb5 29. Qe2 Qa4 30. Bc1 Qd7 31. Bh6 Rfc8 32. Rb1 Rxb1 33. Rxb1
Nb4 34. a3 Nxd5 35. Rb7 Qxb7 36. Qe6+ Kh8 37. Qf7 Rg8 38. Bg7+ Rxg7 0-1

[Event "7th European Individual Senior Champion."]
[Site "Hockenheim, Germany"]
[Date "2007.06.06"]
[Round "5.52"]
[White "Straub, Hermann"]
[Black "Klein, Klaus"]
[Result "0-1"]
[WhiteElo "1993"]
[BlackElo "2120"]
[PlyCount "94"]
[EventDate "2007.??.??"]

1. f4 d5 2. Nf3 c5 3. e3 Nc6 4. Bb5 Bg4 5. b3 Rc8 6. O-O Nf6 7. Bb2 g6 8. d3
Bg7 9. Nbd2 O-O 10. Bxc6 Rxc6 11. Qe1 Nd7 12. Bxg7 Kxg7 13. Qg3 Bxf3 14. Nxf3
e6 15. f5 exf5 16. Nh4 Kh8 17. Rae1 Re6 18. Nf3 h6 19. Rf2 Nf6 20. Rfe2 Rfe8
21. Nd2 Qd6 22. Qf3 Kg7 23. h3 Nh5 24. Nf1 f4 25. exf4 Rxe2 26. Rxe2 Rxe2 27.
Qxe2 Nxf4 28. Qe3 Ne6 29. Qe1 b6 30. Nd2 Nd4 31. c3 Qe6 32. Qf2 Nf5 33. Nf1 Qe5
34. Qd2 d4 35. c4 Ng3 36. Nxg3 Qxg3 37. Kf1 f5 38. a3 f4 39. Qd1 Kf6 40. Qf3
Qxf3+ 41. gxf3 Kg5 42. Kg2 a5 43. a4 Kh4 44. Kh2 g5 45. Kg2 h5 46. Kh2 g4 47.
hxg4 hxg4 0-1

[Event "7th European Individual Senior Champion."]
[Site "Hockenheim, Germany"]
[Date "2007.06.06"]
[Round "5.53"]
[White "Drozdov, Vladimir E"]
[Black "De Laubadere, Philippe"]
[Result "1/2-1/2"]
[WhiteElo "2094"]
[BlackElo "2003"]
[PlyCount "90"]
[EventDate "2007.??.??"]

1. e4 d6 2. d4 Nf6 3. Nc3 g6 4. Nf3 Bg7 5. Be2 O-O 6. O-O Bg4 7. Be3 Nc6 8. Qd2
e5 9. d5 Ne7 10. Rfd1 Nd7 11. Bh6 a6 12. a4 Bxf3 13. Bxf3 f5 14. Bxg7 Kxg7 15.
Re1 h6 16. Ne2 fxe4 17. Bxe4 Nc5 18. Nc3 a5 19. Nb5 Rf6 20. Ra3 Qd7 21. Rh3 g5
22. b3 Rf4 23. Rhe3 b6 24. Nc3 Raf8 25. R3e2 Ng8 26. g3 R4f7 27. Bg2 Nf6 28.
Nd1 Ng4 29. Bh3 Kg6 30. Ne3 h5 31. c3 Kh6 32. b4 Ne4 33. Qc2 Nxe3 34. Qxe4 Qxh3
35. Qxe3 Rf3 36. Qd2 Qf5 37. bxa5 bxa5 38. c4 e4 39. Qc2 Rf6 40. Qxe4 Qxe4 41.
Rxe4 Rxf2 42. Re6 Kg7 43. Re7+ Rf7 44. Rxf7+ Rxf7 45. Rb1 Kf6 1/2-1/2

[Event "7th European Individual Senior Champion."]
[Site "Hockenheim, Germany"]
[Date "2007.06.06"]
[Round "5.54"]
[White "Masich, Vladimir"]
[Black "Sevenyuk, Alexey"]
[Result "1-0"]
[WhiteElo "2079"]
[BlackElo "1940"]
[PlyCount "49"]
[EventDate "2007.??.??"]

1. d4 f5 2. g3 Nf6 3. Bg2 e6 4. Nc3 Be7 5. e4 fxe4 6. Nxe4 Nc6 7. Nh3 O-O 8.
O-O d5 9. Nxf6+ Bxf6 10. c3 Kh8 11. Nf4 g6 12. Re1 Qd6 13. Bh3 Re8 14. Qf3 Bg7
15. Nd3 e5 16. Bxc8 Raxc8 17. dxe5 Nxe5 18. Nxe5 Bxe5 19. Bg5 Re6 20. Rad1 c6
21. Bf4 Bxf4 22. Rxe6 Qxe6 23. Qxf4 Re8 24. Qd4+ Qe5 25. Re1 1-0

[Event "7th European Individual Senior Champion."]
[Site "Hockenheim, Germany"]
[Date "2007.06.06"]
[Round "5.55"]
[White "Smits, Oswald"]
[Black "Delander, Adolf"]
[Result "1/2-1/2"]
[WhiteElo "1894"]
[BlackElo "2075"]
[PlyCount "30"]
[EventDate "2007.??.??"]

1. d4 d5 2. c4 c6 3. Nc3 Nf6 4. Nf3 dxc4 5. a4 Bf5 6. e3 e6 7. Bxc4 Nbd7 8. O-O
Bb4 9. Bd3 Bxd3 10. Qxd3 O-O 11. Na2 Bd6 12. Qc2 Qe7 13. Bd2 e5 14. dxe5 Nxe5
15. Nd4 Rfd8 1/2-1/2

[Event "7th European Individual Senior Champion."]
[Site "Hockenheim, Germany"]
[Date "2007.06.06"]
[Round "5.56"]
[White "Pracht, Hans-Dieter"]
[Black "Zachariassen, John"]
[Result "1/2-1/2"]
[WhiteElo "2056"]
[BlackElo "1933"]
[PlyCount "56"]
[EventDate "2007.??.??"]

1. d4 d6 2. Nf3 g6 3. e4 Bg7 4. c3 Nd7 5. Bc4 e6 6. O-O Ne7 7. Bg5 h6 8. Be3 a6
9. a4 b6 10. Nfd2 Bb7 11. f3 O-O 12. Na3 Kh7 13. Qe2 e5 14. dxe5 dxe5 15. Rad1
Qe8 16. Bb3 Nc8 17. Ndb1 f5 18. exf5 gxf5 19. Qc4 c5 20. Qe6 Nb8 21. Bd5 Bxd5
22. Qxe8 Rxe8 23. Rxd5 Nc6 24. Rfd1 Re7 25. Rd7 Ra7 26. Rxa7 Rxa7 27. g3 Bf8
28. Kf2 Rb7 1/2-1/2

[Event "7th European Individual Senior Champion."]
[Site "Hockenheim, Germany"]
[Date "2007.06.06"]
[Round "5.57"]
[White "Stadt, Hans"]
[Black "Kornath, Heinrich"]
[Result "1/2-1/2"]
[WhiteElo "2050"]
[BlackElo "1838"]
[PlyCount "85"]
[EventDate "2007.??.??"]

1. d4 Nf6 2. c4 g6 3. Nc3 Bg7 4. e4 d6 5. h3 O-O 6. Be3 a5 7. Qd2 Na6 8. O-O-O
Bd7 9. Bh6 c5 10. Bxg7 Kxg7 11. d5 a4 12. a3 Nc7 13. f4 Rb8 14. e5 Nfe8 15. g4
b5 16. cxb5 Nxb5 17. Nxb5 Bxb5 18. Qc3 Kg8 19. Nf3 Bxf1 20. Rhxf1 Rb3 21. Qc4
Qa5 22. Rd3 Qb5 23. Qxb5 Rxb5 24. Nd2 f6 25. exd6 Nxd6 26. Kc2 Rfb8 27. Rb1 Kf7
28. b3 axb3+ 29. Rdxb3 Rxb3 30. Rxb3 Ra8 31. Nb1 Ra4 32. Rf3 c4 33. Kb2 Ra5 34.
Nd2 Ra4 35. Nb1 Ke8 36. Re3 Nb5 37. Ka2 Kd7 38. Kb2 Ra7 39. Re6 c3+ 40. Nxc3
Nxc3 41. Kxc3 Rxa3+ 42. Kd4 Rxh3 43. Ra6 {rest der partie unleserlich} 1/2-1/2

[Event "7th European Individual Senior Champion."]
[Site "Hockenheim, Germany"]
[Date "2007.06.06"]
[Round "5.59"]
[White "Abolina, Arija-solveiga"]
[Black "Sinchurina, Tatiana"]
[Result "1-0"]
[WhiteElo "1870"]
[BlackElo "2047"]
[PlyCount "116"]
[EventDate "2007.??.??"]

1. c4 f5 2. Nc3 Nf6 3. d3 g6 4. g3 b6 5. Bg2 Nc6 6. e4 fxe4 7. dxe4 e5 8. Nge2
Bb7 9. Bg5 Bg7 10. Nd5 h6 11. Be3 Ne7 12. Nxf6+ Bxf6 13. Qd2 h5 14. Nc3 d6 15.
Nd5 Nxd5 16. cxd5 Qe7 17. Rc1 O-O 18. h4 Bc8 19. Bg5 Rf7 20. O-O Kg7 21. Rc2
Bxg5 22. Qxg5 Qxg5 23. hxg5 a5 24. f4 Bg4 25. fxe5 Rxf1+ 26. Bxf1 dxe5 27.
Rxc7+ Kf8 28. Rc6 Rc8 29. Rxb6 Rc1 30. Rxg6 Be2 31. Rf6+ Kg7 32. Kg2 Bg4 33.
Bd3 Rd1 34. Bc2 Rd2+ 35. Rf2 Rd4 36. Kf1 Kg6 37. Ke1 Kxg5 38. Rd2 Rb4 39. b3
Bf3 40. d6 Rb8 41. Bd1 Bxe4 42. Re2 Kf5 43. Bc2 Bxc2 44. Rxc2 Rd8 45. Rd2 Kg4
46. Kf2 e4 47. Rd4 Kf5 48. d7 Kg5 49. Rd5+ Kg4 50. Ke3 Kxg3 51. Rg5+ Kh4 52.
Rg7 Kh3 53. Kxe4 h4 54. Ke5 a4 55. Kd6 axb3 56. axb3 Kh2 57. Kc7 h3 58. Kxd8
Kh1 1-0

[Event "7th European Individual Senior Champion."]
[Site "Hockenheim, Germany"]
[Date "2007.06.06"]
[Round "5.60"]
[White "Ovesen, Karsten"]
[Black "Preuss, Flemming"]
[Result "0-1"]
[WhiteElo "1428"]
[BlackElo "2045"]
[PlyCount "106"]
[EventDate "2007.??.??"]

1. d4 f5 2. Nf3 Nf6 3. Bg5 e6 4. e3 Be7 5. Nbd2 O-O 6. Be2 d6 7. c3 Nc6 8. Qc2
e5 9. dxe5 dxe5 10. O-O Qe8 11. Rad1 Qg6 12. Nc4 e4 13. Bxf6 Qxf6 14. Nd4 Ne5
15. Nxe5 Qxe5 16. Bc4+ Kh8 17. Ne2 Bd6 18. Nf4 Bd7 19. Qe2 Rae8 20. Qh5 Rf6 21.
g3 Rh6 22. Qf7 Qe7 23. Ne2 g5 24. Nd4 Qxf7 25. Bxf7 Rf8 26. Bd5 c6 27. Bb3 f4
28. Ne6 Bxe6 29. Rxd6 Re8 30. Bxe6 Rhxe6 31. Rd7 R6e7 32. Rfd1 f3 33. Kf1 Kg7
34. R1d6 Kf7 35. Ke1 a5 36. b3 a4 37. b4 g4 38. c4 a3 39. Kd2 Rg8 40. Kc3 b5
41. c5 Rg5 42. Rxe7+ Kxe7 43. Kd4 Rh5 44. Kxe4 Rxh2 45. Rd2 Rh1 46. Kf4 Rb1 47.
Kxg4 Rb2 48. Rd6 Rxf2 49. Rxc6 Rxa2 50. Kxf3 Rb2 51. Ra6 a2 52. Kg4 Rxb4+ 53.
Kg5 Ra4 0-1

[Event "7th European Individual Senior Champion."]
[Site "Hockenheim, Germany"]
[Date "2007.06.06"]
[Round "5.61"]
[White "Belokopyt, Boris"]
[Black "Bue, Gunnar"]
[Result "1-0"]
[WhiteElo "2037"]
[BlackElo "1813"]
[PlyCount "49"]
[EventDate "2007.??.??"]

1. e4 c5 2. Nf3 d6 3. d4 cxd4 4. Nxd4 Nf6 5. Nc3 a6 6. Bg5 e6 7. f4 Be7 8. Qf3
Nbd7 9. O-O-O Qc7 10. Bd3 b5 11. Rhe1 Bb7 12. Nd5 exd5 13. exd5 Kf8 14. Nf5 h6
15. Nxe7 hxg5 16. fxg5 Ne5 17. Rxe5 dxe5 18. gxf6 Rh6 19. fxg7+ Kxe7 20. Qg3
Bxd5 21. g8=Q Rxg8 22. Qxg8 Bxa2 23. Qg5+ Rf6 24. Rf1 Qd6 25. Rxf6 1-0

[Event "7th European Individual Senior Champion."]
[Site "Hockenheim, Germany"]
[Date "2007.06.06"]
[Round "5.62"]
[White "Werner, Alfons"]
[Black "Josting, Friedel"]
[Result "0-1"]
[WhiteElo "1743"]
[BlackElo "2026"]
[PlyCount "31"]
[EventDate "2007.??.??"]

1. e4 c5 2. c3 d5 3. exd5 Qxd5 4. d4 Nf6 5. Nf3 e6 6. Be2 Be7 7. O-O O-O 8. h3
Rd8 9. Be3 Nbd7 10. Qc2 cxd4 11. cxd4 Bb4 12. Rd1 Qd6 13. Ne5 Nd5 14. Nd2 Nxe3
15. fxe3 Bxd2 16. Rxd2 0-1

[Event "7th European Individual Senior Champion."]
[Site "Hockenheim, Germany"]
[Date "2007.06.06"]
[Round "5.63"]
[White "Blagonadezhnaya, Ideya"]
[Black "Barlo, Werner"]
[Result "1/2-1/2"]
[WhiteElo "2017"]
[BlackElo "1871"]
[PlyCount "38"]
[EventDate "2007.??.??"]

1. e4 e6 2. d4 d5 3. exd5 exd5 4. Bf4 Nf6 5. Bd3 Bd6 6. Ne2 O-O 7. O-O Bg4 8.
f3 Be6 9. Qd2 Bxf4 10. Nxf4 Qd6 11. Nxe6 fxe6 12. Na3 a6 13. c3 Nbd7 14. Nc2 e5
15. dxe5 Nxe5 16. Nd4 Nxd3 17. Qxd3 Rae8 18. Rae1 g6 19. Qd2 Kg7 1/2-1/2

[Event "7th European Individual Senior Champion."]
[Site "Hockenheim, Germany"]
[Date "2007.06.06"]
[Round "5.65"]
[White "Husser, Oskar"]
[Black "Roehrl, Bruno"]
[Result "0-1"]
[WhiteElo "2073"]
[BlackElo "1911"]
[PlyCount "116"]
[EventDate "2007.??.??"]

1. Nf3 Nf6 2. c4 e6 3. g3 d5 4. Bg2 Nbd7 5. b3 Be7 6. Bb2 O-O 7. O-O c6 8. d4
b6 9. Nbd2 Ba6 10. Re1 Rc8 11. e4 dxe4 12. Nxe4 Bb7 13. Nfd2 Nxe4 14. Nxe4 Nf6
15. Qc2 Qc7 16. Rad1 Rfd8 17. Bc1 Rd7 18. Qe2 Rcd8 19. Bb2 Nxe4 20. Bxe4 Bf6
21. Qg4 g6 22. Bg2 c5 23. Bxb7 Qxb7 24. h4 Bxd4 25. Bxd4 Rxd4 26. Rxd4 Rxd4 27.
Qg5 Qf3 28. Qe3 Qxe3 29. Rxe3 Rd2 30. a3 h5 31. Kf1 Kf8 32. Ke1 Rd4 33. Ke2 Ke7
34. f3 a5 35. Rc3 Kd6 36. Rc1 Ke5 37. Ke3 Kf5 38. Rg1 e5 39. Rf1 f6 40. Rg1 g5
41. hxg5 fxg5 42. Rh1 h4 43. g4+ Ke6 44. a4 e4 45. f4 gxf4+ 46. Kxf4 e3+ 47.
Kxe3 Rxg4 48. Kd3 Rg3+ 49. Kc2 h3 50. Re1+ Kf5 51. Re8 Kf4 52. Re6 Kf3 53. Rxb6
Kg2 54. Rd6 h2 55. Rd2+ Kh3 56. Rd6 h1=Q 57. Rh6+ Kg2 58. Rxh1 Kxh1 0-1

[Event "7th European Individual Senior Champion."]
[Site "Hockenheim, Germany"]
[Date "2007.06.06"]
[Round "5.66"]
[White "Bauer, Armin Dr"]
[Black "Born, Bernd-Ludger Dr"]
[Result "0-1"]
[WhiteElo "1902"]
[BlackElo "2060"]
[PlyCount "132"]
[EventDate "2007.??.??"]

1. d4 d5 2. c4 c6 3. Nf3 Bf5 4. Nc3 e6 5. Qb3 Qb6 6. e3 Nd7 7. Nh4 Bg4 8. Bd3
Be7 9. Nf3 Qc7 10. Bd2 Ngf6 11. Rc1 Rc8 12. h3 Bh5 13. cxd5 exd5 14. Nh4 Bg6
15. Nf5 Bxf5 16. Bxf5 g6 17. Bb1 O-O 18. O-O Rfe8 19. e4 Nxe4 20. Bxe4 dxe4 21.
Nxe4 Nb6 22. Ba5 Qf4 23. Bxb6 axb6 24. Rfe1 Bf8 25. g3 Qf5 26. Qd3 Rcd8 27.
Rcd1 Bg7 28. Kg2 Qd5 29. Qf3 f5 30. Ng5 Qxa2 31. b3 Qa5 32. Re6 Rxe6 33. Nxe6
Rd7 34. Nxg7 Kxg7 35. g4 fxg4 36. hxg4 Qd5 37. Qxd5 Rxd5 38. Re1 Rxd4 39. Re7+
Kf6 40. Rxb7 Rxg4+ 41. Kf3 Rb4 42. Rxh7 Rxb3+ 43. Ke4 c5 44. Rc7 Rb4+ 45. Kd5
Kf5 46. Rf7+ Kg4 47. f3+ Kg5 48. Ke5 c4 49. f4+ Kg4 50. Rf6 Rb5+ 51. Kd4 Kh5
52. Kxc4 Rf5 53. Rxb6 Rxf4+ 54. Kd3 g5 55. Ke3 Rf8 56. Rb7 Kh4 57. Rg7 g4 58.
Rh7+ Kg3 59. Re7 Kg2 60. Ke2 g3 61. Re6 Kg1 62. Re7 g2 63. Re6 Rf5 64. Re8 Rf7
65. Re6 Rh7 66. Kf3 Kh1 0-1

[Event "7th European Individual Senior Champion."]
[Site "Hockenheim, Germany"]
[Date "2007.06.06"]
[Round "5.67"]
[White "Schuler, Georg"]
[Black "Strozewski, Guenter"]
[Result "0-1"]
[WhiteElo "1992"]
[BlackElo "1852"]
[PlyCount "66"]
[EventDate "2007.??.??"]

1. Nf3 Nf6 2. g3 c6 3. c4 d5 4. cxd5 cxd5 5. d4 Bg4 6. Bg2 Nc6 7. O-O e6 8. Nc3
a6 9. a3 Bd6 10. b4 Rc8 11. Bb2 Qb6 12. Na4 Qc7 13. Nc5 b6 14. Nxa6 Qe7 15. b5
Na5 16. Rc1 O-O 17. Rxc8 Rxc8 18. a4 Nc4 19. Bc1 h6 20. Qb3 Ne4 21. Re1 Na5 22.
Qa2 Nc3 23. Qa1 Nb3 24. Qb2 Nxc1 25. Bf1 Ba3 26. Qd2 Nxa4 27. Qf4 Bf5 28. Ne5
Qg5 29. Qf3 Bc2 30. h4 Qf5 31. Qxf5 Bxf5 32. e4 Bxe4 33. Re3 Bb2 {
Notation unleserlich 0-1 (41)} 0-1

[Event "7th European Individual Senior Champion."]
[Site "Hockenheim, Germany"]
[Date "2007.06.06"]
[Round "5.68"]
[White "Schaefer, Gustav"]
[Black "Scholz, Herbert Dr"]
[Result "0-1"]
[WhiteElo "1844"]
[BlackElo "1978"]
[PlyCount "59"]
[EventDate "2007.??.??"]

1. e4 c6 2. d4 d5 3. Nc3 dxe4 4. Nxe4 Nd7 5. Nf3 Ngf6 6. Ng3 e6 7. Bf4 Be7 8.
Qd2 O-O 9. Be2 c5 10. c3 cxd4 11. cxd4 Nd5 12. O-O N7f6 13. Rac1 Bb4 14. Bc7
Bxd2 15. Bxd8 Bxc1 16. Bxf6 Bxb2 17. Bg5 f6 18. Be3 b6 19. Rb1 Ba3 20. Nd2 Bb7
21. Nc4 Be7 22. Bd2 Rac8 23. Ne4 Rfd8 24. Na5 Ba8 25. Nb3 h6 26. Re1 Kf7 27. f4
Bb4 28. g4 Bxd2 29. Nexd2 Nxf4 30. Bc4 0-1

[Event "7th European Individual Senior Champion."]
[Site "Hockenheim, Germany"]
[Date "2007.06.06"]
[Round "5.69"]
[White "Egger, Herbert"]
[Black "Ortega Morales, Pedro"]
[Result "1/2-1/2"]
[WhiteElo "1834"]
[BlackElo "1959"]
[PlyCount "33"]
[EventDate "2007.??.??"]

1. e4 e5 2. Nc3 Nf6 3. Nf3 Nc6 4. Bc4 Bb4 5. d3 h6 6. Bd2 d6 7. h3 O-O 8. O-O
Na5 9. Bb3 Nxb3 10. axb3 Be6 11. Re1 a6 12. d4 exd4 13. Nxd4 Qd7 14. Qf3 Bc5
15. Be3 Rae8 16. Rad1 Qc8 17. Nf5 1/2-1/2

[Event "7th European Individual Senior Champion."]
[Site "Hockenheim, Germany"]
[Date "2007.06.06"]
[Round "5.70"]
[White "Tochtermann, Georg Dr"]
[Black "Paulsen, Eckart"]
[Result "1/2-1/2"]
[WhiteElo "1956"]
[BlackElo "1833"]
[PlyCount "68"]
[EventDate "2007.??.??"]

1. e4 d6 2. c4 Nf6 3. Nc3 c6 4. g3 e5 5. Bg2 Be7 6. Nge2 Bg4 7. O-O O-O 8. h3
Bxe2 9. Qxe2 Na6 10. d3 Nc7 11. g4 Ne6 12. Be3 Nd7 13. f4 exf4 14. Bxf4 Nxf4
15. Rxf4 Bg5 16. Rf5 g6 17. Rff1 Qb6+ 18. Kh2 Qe3 19. Qxe3 Bxe3 20. Ne2 Ne5 21.
Rad1 c5 22. b3 Rab8 23. d4 Nc6 24. d5 Ne5 25. Nc3 a6 26. Rfe1 Bg5 27. Rf1 b5
28. cxb5 axb5 29. a4 bxa4 30. bxa4 Rb4 31. Ra1 Nc4 32. Rfb1 Rfb8 33. Rxb4 Rxb4
34. Bf1 Bf6 1/2-1/2

[Event "7th European Individual Senior Champion."]
[Site "Hockenheim, Germany"]
[Date "2007.06.06"]
[Round "5.71"]
[White "Frantzke, Helmut"]
[Black "Mann, Guenter"]
[Result "0-1"]
[WhiteElo "1955"]
[BlackElo "1823"]
[PlyCount "51"]
[EventDate "2007.??.??"]

1. g3 e5 2. Bg2 Bc5 3. d3 Nc6 4. Nf3 d6 5. O-O h6 6. c3 f5 7. a4 a5 8. e4 fxe4
9. dxe4 Nf6 10. Qd3 O-O 11. Nh4 Qe8 12. Na3 Ng4 13. Nf3 Be6 14. h3 Nf6 15. Nb5
Qf7 16. Nd2 Nh5 17. Kh2 Bxf2 18. Rxf2 Qxf2 19. Nxc7 Rac8 20. Nxe6 Rf6 21. Nf1
Rxe6 22. Qd1 Qf7 23. Ne3 Ne7 24. Bd2 Nxg3 25. Ng4 Nh5 26. Qb3 0-1

[Event "7th European Individual Senior Champion."]
[Site "Hockenheim, Germany"]
[Date "2007.06.06"]
[Round "5.72"]
[White "Alvarez Escudero, Manuel"]
[Black "Wibe, Per H"]
[Result "1-0"]
[WhiteElo "1945"]
[BlackElo "1808"]
[PlyCount "73"]
[EventDate "2007.??.??"]

1. e4 c5 2. Nf3 d6 3. Bc4 e6 4. c3 a6 5. d4 b5 6. Bb3 c4 7. Bc2 Bb7 8. e5 Qc7
9. Bf4 Nd7 10. O-O Rd8 11. Nbd2 dxe5 12. Nxe5 Nxe5 13. Bxe5 Qd7 14. Qg4 Nf6 15.
Qh4 Be7 16. f3 Ne4 17. Qe1 Nxd2 18. Qxd2 f6 19. Bg3 e5 20. Bf2 O-O 21. Rad1 f5
22. Qe2 exd4 23. Rxd4 Bd6 24. Rfd1 Qe7 25. Qxe7 Bxe7 26. Rd7 Rxd7 27. Rxd7 Bf6
28. Rxb7 Rd8 29. Be3 Rd5 30. Kf2 Kf8 31. a4 bxa4 32. Bxa4 Ra5 33. Rb4 Ke7 34.
Rxc4 Ke6 35. b3 Rd5 36. Bd4 Bg5 37. Rc6+ 1-0